Afro-bets 1,2,3 / (Record no. 6697)

MARC details
000 -LEADER
fixed length control field 00807nam a22002777a 4500
001 - CONTROL NUMBER
control field 6697
003 - CONTROL NUMBER IDENTIFIER
control field FISKH
005 - DATE AND TIME OF LATEST TRANSACTION
control field 20250521112047.0
008 - FIXED-LENGTH DATA ELEMENTS--GENERAL INFORMATION
fixed length control field 250521b cb ||||| |||| 00| 0 eng d
020 ## - INTERNATIONAL STANDARD BOOK NUMBER
International Standard Book Number 078073003501
040 ## - CATALOGING SOURCE
Original cataloging agency FISKH
Language of cataloging eng
Transcribing agency FISKH
Modifying agency FISKH
050 ## - LIBRARY OF CONGRESS CALL NUMBER
Classification number QA113 .H83
082 ## - DEWEY DECIMAL CLASSIFICATION NUMBER
Classification number 513.2
100 ## - MAIN ENTRY--PERSONAL NAME
Personal name Hudson, Cheryl Willis
245 ## - TITLE STATEMENT
Title Afro-bets 1,2,3 /
Statement of responsibility, etc. By Cheryl Willis Hudson
250 ## - EDITION STATEMENT
Edition statement First Scholastic printing, October 2002
260 ## - PUBLICATION, DISTRIBUTION, ETC.
Place of publication, distribution, etc. New York :
Name of publisher, distributor, etc. Scholastic,
Date of publication, distribution, etc. 1987
300 ## - PHYSICAL DESCRIPTION
Extent 24 unnumbered pages :
Other physical details color illustrations ;
Dimensions 21 cm
505 ## - FORMATTED CONTENTS NOTE
Formatted contents note aa<br/>
520 ## - SUMMARY, ETC.
Summary, etc. Black youngsters form the shapes of numbers one through ten.
521 8# - TARGET AUDIENCE NOTE
Target audience note 70<br/>
Source Lexile<br/>
521 8# - TARGET AUDIENCE NOTE
Target audience note aa<br/>
Source Raz-Plus<br/>
650 ## - SUBJECT ADDED ENTRY--TOPICAL TERM
Topical term or geographic name entry element Counting
Form subdivision Numbers
942 ## - ADDED ENTRY ELEMENTS (KOHA)
Source of classification or shelving scheme Dewey Decimal Classification
Koha item type Books
Suppress in OPAC No
Holdings
Withdrawn status Lost status Source of classification or shelving scheme Damaged status Not for loan Collection Home library Current library Shelving location Date acquired Total Checkouts Full call number Barcode Date last seen Copy number Price effective from Koha item type
    Dewey Decimal Classification     Juvenile Fiction Footprints International School Library Network Toul Kork Campus Footprints International School Library Network Toul Kork Campus TK Primary Library Room(4th Floor), Bookcase 7, Shelves 57-60, Dark Green Books 05/21/2025   HUD 513.2 QA113 .H83 FISTK02350 05/21/2025 1 05/21/2025 Books